00597nas a2200205 a 4500001001000000003000900010005001700019008004100036040002500077043000900102110006100111245002400172260008000196300002500276310001000301362002100311500002800332942001400360999001700374000037306DO-SdBNP20230509110225.0120323c20089999dr ar1p dd 0 0spa d aDO-SdBNPbspacBNPHU anwdr2 aAsociación Dominicana de Rehabilitación (ADR)96375410aMemoria anual 2007. aSanto Domingo :bAsociación Dominicana de Rehabilitación (ADR),c2008-. av.- :bil. ;c29 cm. aAnual1 a24 de abril 2008 aTítulo de la cubierta 2ddccLBS1 c36796d36796